| 000 | 00717nam a2200193 a 4500 | ||
|---|---|---|---|
| 001 | 000046126 | ||
| 005 | 20240316073902.0 | ||
| 008 | 150624s2002 dr 000 0 spa d | ||
| 040 |
_aDO-SdBNP _bspa _cBNPHU |
||
| 082 |
_axxx _bxxx |
||
| 100 | 1 |
_aEmeterio Rondón, Pura _918861 |
|
| 245 | 1 | 0 |
_aManuel del Cabral : _búnico y diverso antología mínima / _cPura Emeterio Rondón, Tomás Castro Burdiez. |
| 260 |
_aSanto Domingo : _bEDUCARTE, _c2002. |
||
| 300 |
_a28 p. ; _c22 cm. |
||
| 490 | 1 |
_aCuadernos educativos y culturales _v6 |
|
| 700 | 2 |
_aCastro, Tomás, _d1959- _924641 |
|
| 710 | 1 |
_aFundación para la Educación y el Arte (República Dominicana) _920186 |
|
| 830 | 0 |
_aCuadernos educativos y culturales _v6 _955465 |
|
| 999 |
_c45615 _d45615 |
||